Rast nákladov na kúpeľnú starostlivosť

Poskytovanie dobrovoľnej dávky nemocenského poistenia a dôchodkového zabezpečenia na kúpeľnú starostlivosť v pôsobnosti Sociálnej poisťovne. Prílohou zákona č.98/1995 o Liečebnom poriadku je Indikačný zoznam pre kúpeľnú starostlivosť. Výsledky analýzy nevybavených žiadostí o kúpeľnú liečbu. k 15. 9....

Descripción completa

Guardado en:
Detalles Bibliográficos
Autor principal: Majtanová, Viera
Formato: Capítulo de libro
Lenguaje:eslovaco
Materias:
Etiquetas: Agregar Etiqueta
Sin Etiquetas, Sea el primero en etiquetar este registro!

MARC

LEADER 00000naa a2200000 4500
001 r020533
005 20230922130221.7
041 0 |a slo 
044 |a SK 
245 1 0 |a Rast nákladov na kúpeľnú starostlivosť  |c V. Majtánová 
520 |a Poskytovanie dobrovoľnej dávky nemocenského poistenia a dôchodkového zabezpečenia na kúpeľnú starostlivosť v pôsobnosti Sociálnej poisťovne. Prílohou zákona č.98/1995 o Liečebnom poriadku je Indikačný zoznam pre kúpeľnú starostlivosť. Výsledky analýzy nevybavených žiadostí o kúpeľnú liečbu. k 15. 9. 1995. Posudzovanie návrhu na transformáciu kúpeľnej starostlivosti poskytovanej formou dobrovoľnej dávky, ktorú zabezpečuje Sociálna poisťovňa a financuje sa z prostriedkov štátneho rozpočtu. 
610 2 0 |a liečenie kúpeľné 
610 2 0 |a poistenie nemocenské 
610 2 0 |a dávky poistné 
610 2 0 |a Sociálna poisťovňa, a.s. Bratislava 
610 2 0 |a starostlivosť zdravotná 
610 2 0 |a poriadok liečebný 
100 1 |a Majtanová, Viera